A treatise on algebra
Αποθηκεύτηκε σε:
| Κύριος συγγραφέας: | |
|---|---|
| Μορφή: | Βιβλίο |
| Γλώσσα: | English |
| Δημοσίευση: |
London :
Mcmillan,
1950, c1896.
|
| Έκδοση: | [5th ed., reprinted. |
| Θέματα: | |
| Ετικέτες: |
Προσθήκη ετικέτας
Δεν υπάρχουν, Καταχωρήστε ετικέτα πρώτοι!
|
MARC
| LEADER | 00000cam a2200000 i 4500 | ||
|---|---|---|---|
| 001 | 1/322 | ||
| 008 | 090624s1950 enk| ||| |||| ||eng|| | ||
| 035 | |l 10105195 | ||
| 040 | |a GR-MyUa |b gre |e AACR2 | ||
| 041 | 0 | |a eng | |
| 082 | 7 | |a 512 |2 (22) | |
| 100 | 1 | |a Smith, Charles, |d 1844-1916. | |
| 245 | 1 | 2 | |a A treatise on algebra / |c by Charles Smith. |
| 250 | |a [5th ed., reprinted. | ||
| 260 | |a London : |b Mcmillan, |c 1950, c1896. | ||
| 300 | |a xviii, 646 σ. : |b διαγρ. ; |c 19 εκ. | ||
| 650 | 0 | 0 | |a Algebra. |
| 852 | |a INST |b SAMOS |c MAG |e 20090624 |h 512 SMI |p 005300028507 |q 005300028507 |t BK |y 0 | ||
| 901 | |a BIBL3-2009-2 | ||
| 970 | |a ΜΑΛΑΓΑΡΗ |b ΦΩΤΕΙΝΗ |z 2009/06/24 | ||